ბათუმის შოთა რუსთაველის სახელმწიფო უნივერსიტეტის ბიბლიოთეკა

ვეფხისტყაოსანი (ბიბ.ჩანაწერი № 43258)

000 -LEADER
fixed length control field 01035nam a2200229Ia 4500
001 - CONTROL NUMBER
control field 9985
003 - CONTROL NUMBER IDENTIFIER
control field GE_BSU
008 - FIXED-LENGTH DATA ELEMENTS--GENERAL INFORMATION
fixed length control field 181216s||||||||xx |||||||||||||| ||und||
040 ## - CATALOGING SOURCE
Transcribing agency GE_BSU
080 ## - UNIVERSAL DECIMAL CLASSIFICATION NUMBER
Universal Decimal Classification number 821.353.1–13
100 ## - MAIN ENTRY--PERSONAL NAME
Personal name რუსთაველი,შოთა
245 ## - TITLE STATEMENT
Title ვეფხისტყაოსანი
245 ## - TITLE STATEMENT
Remainder of title პოემა
245 ## - TITLE STATEMENT
Statement of responsibility, etc. სარედ.როლ.ირაკლი აბაშიძე და სხვ.ფერადი მინიატურები ეკუთვნის XVII ს.მხატვ.მამუკა თავაქარაშვილს
260 ## - PUBLICATION, DISTRIBUTION, ETC.
Place of publication, distribution, etc. თბილისი
260 ## - PUBLICATION, DISTRIBUTION, ETC.
Name of publisher, distributor, etc. საბჭოთა საქართველო
260 ## - PUBLICATION, DISTRIBUTION, ETC.
Date of publication, distribution, etc. 1966
300 ## - PHYSICAL DESCRIPTION
Extent 298გვ.ილ.30სმ.14ფ.მინიატურა
520 ## - SUMMARY, ETC.
Summary, etc. დაიბეჭდა შოთა რუსთაველის დაბადების 800 წლისთავზე
653 ## - INDEX TERM--UNCONTROLLED
Uncontrolled term ვეფხისტყაოსანი
942 ## - ADDED ENTRY ELEMENTS (KOHA)
Koha item type წიგნი
ეგზემპლარები
Withdrawn status Lost status Damaged status Not for loan Date acquired Barcode Date last seen Price effective from Koha item type
        2018-12-17 33412 2018-12-17 2018-12-17 წიგნი
        2018-12-17 33413 2018-12-17 2018-12-17 წიგნი
        2018-12-17 33415 2018-12-17 2018-12-17 წიგნი
        2018-12-17 33425 2018-12-17 2018-12-17 წიგნი
        2018-12-17 33414 2018-12-17 2018-12-17 წიგნი